| 000 | 00394nam a2200121Ia 4500 | ||
|---|---|---|---|
| 008 | 170725s9999 xx 000 0 und d | ||
| 245 | _a2st Cebtury urban renewal: Mathematical understanding of real-world graphical data using Geospatial technologies | ||
| 260 | _c2017 | ||
| 300 | _apages 43030, | ||
| 440 |
_aJournal of Education _v197:1 |
||
| 500 | _aCJ0037 | ||
| 650 | _aMathematics Education | ||
| 999 |
_c340875 _d340875 |
||